30 Closest Capitals: London Quiz Stats

Quiz Updated Feb 1, 2018

Also try: Capitals of Europe
Challenge
Share
Tweet
Embed
Score 0/30 Timer 06:00
0 Plays Today
% Correct
Amsterdam
95.8%
Dublin
95.7%
Brussels
95.2%
Berlin
94.3%
Paris
94.1%
Madrid
92.6%
Copenhagen
92.2%
Rome
90.8%
Oslo
90.2%
Luxembourg
89.5%
Lisbon
88.9%
Bern
87.5%
Monaco
86.8%
Stockholm
86.4%
Prague
85.5%
% Correct
Vatican City
85.1%
Vienna
84%
San Marino
82.2%
Andorra la Vella
76.7%
Budapest
76.4%
Warsaw
74.3%
Bratislava
61.8%
Ljubljana
51.3%
Belgrade
49.9%
Zagreb
49.5%
Sarajevo
48.4%
Vaduz
47.6%
Rīga
44.1%
Vilnius
32.9%
Algiers
25.4%

You're not logged in!

Compare scores with friends on all Sporcle quizzes.
Join for Free
OR
Log In

You Might Also Like...

Show Comments

Extras

Top Quizzes Today


Score Distribution

Your Account Isn't Verified!

In order to create a playlist on Sporcle, you need to verify the email address you used during registration. Go to your Sporcle Settings to finish the process.

Report this User

Report this user for behavior that violates our Community Guidelines.

Details: